000 00959nas a2200325 4500
001 BR0405857
003 BR-BrBNA
005 20231205105031.0
007 ta
008 230509b bl.|||p| |||| 00| 00por d
040 _aBR-BrBNA
_bpor
_cBiblioteca Nacional de Agricultura
041 _a(Pt)
072 _aF40
100 1 _aAlves, E.S.
100 1 _aPedroso, A.N.V.
100 1 _aDomingos, M.
100 1 _aGuimarães, E.T.
100 1 _aSaldiva, P.H.N.
245 1 _aBiomonitoramento indoor do potencial mutagênico do ar em laboratórios e herbário do Instituto de Botânica por meio do bioensaio Trad-MCN
650 _aLABORATÓRIO
650 _aHERBÁRIO
650 _aAR
650 _aTRAPOERABA
650 _aQUALIDADE
650 _aMUTAGÊNICO
650 _aPESQUISA
773 0 _tHoehnea (Brazil)
_xISSN 0073-2877
_g(Aug 2003), v. 30(2) p. 89-94
_wBR0405857
909 _a202311
_bLúcia
_c55
_dLúcia Elande
942 _2AGRIS
_n0
_cANA
999 _c180876
_d180876